000 00323nam a22001457a 4500
008 210303b ||||| |||| 00| 0 eng d
020 _a0716715643
041 _aeng
080 _a902
082 _a902
100 _a45
101 _aARKEO
245 _aFossils and the History of Life
_cSimpson, G. G
942 _2udc
_cBK
999 _c55667
_d55667